[Event "IECC CL5-2006.22 email"]
[Site "IECC email"]
[Date "2006.12.05"]
[Round "?"]
[White "Honegger, Eric"]
[Black "Bottoni, Carlo"]
[Result "0-1"]
[WhiteElo "1469"]
[BlackElo "1593"]
[PlyCount "90"]
[EventDate "2006.??.??"]
[EventType "tourn (corr)"]
[EventRounds "4"]
[SourceTitle "Corr 2008"]
[Source "ChessBase"]
[SourceDate "2008.06.24"]
[SourceVersion "1"]
[SourceVersionDate "2008.06.24"]
[SourceQuality "1"]

1. Nf3 Nf6 2. g3 d6 3. Bg2 e5 4. d3 Be7 5. Nbd2 0-0 6. 0-0 Nbd7 7. e4 Re8 8. h3 a5 9. a4 Nc5 10. Nc4 Be6 11. Ne3 Qc8 12. Ng5 Bd7 13. Re1 h6 14. Nf3 Bxh3 15. Nh4 Bd8 16. Nhf5 Bxg2 17. Kxg2 g6 18. Nxh6+ Kf8 19. Rh1 Qe6 20. Nhf5 Ng8 21. Qg4 Bf6 22. Nh6 Nxh6 23. Qxe6 Nxe6 24. Rxh6 c6 25. Nf5 gxf5 26. Rxf6 fxe4 27. dxe4 Kg7 28. Rf5 Nd4 29. Rg5+ Kf6 30. c3 Nb3 31. Rf5+ Ke6 32. Rb1 Nc5 33. f3 f6 34. b3 b5 35. Be3 bxa4 36. Bxc5 Reb8 37. Bxd6 Kxd6 38. Rxf6+ Ke7 39. Rxc6 axb3 40. Rd1 Rd8 41. Rb1 a4 42. Rb6 Rdb8 43. Rh6 a3 44. Rd1 Rd8 45. Rdh1 Rd2+ 0-1